Transforming fund raising (Record no. 1312)
[ view plain ]
| 000 -LEADER | |
|---|---|
| fixed length control field | 00485nam a2200157Ia 4500 |
| 008 - FIXED-LENGTH DATA ELEMENTS--GENERAL INFORMATION | |
| fixed length control field | 151213s9999 xx 000 0 und d |
| 082 ## - DEWEY DECIMAL CLASSIFICATION NUMBER | |
| Classification number | 658.15224 |
| Item number | 658.15224 |
| 100 ## - MAIN ENTRY--PERSONAL NAME | |
| Personal name | Nechols, J.E. |
| 245 ## - TITLE STATEMENT | |
| Title | Transforming fund raising |
| Remainder of title | A practical guide to ivoluating & Strengthening fund raising to Grow with cha |
| Statement of responsibility, etc. | Nechols, J.E. |
| 260 ## - PUBLICATION, DISTRIBUTION, ETC. (IMPRINT) | |
| Place of publication, distribution, etc. | San Francisco |
| Name of publisher, distributor, etc. | Jossey Bass |
| Date of publication, distribution, etc. | 1999 |
| 300 ## - PHYSICAL DESCRIPTION | |
| Extent | 1786 p. |
| 650 ## - SUBJECT ADDED ENTRY--TOPICAL TERM | |
| Topical term or geographic name as entry element | Finance |
| 650 ## - SUBJECT ADDED ENTRY--TOPICAL TERM | |
| Topical term or geographic name as entry element | Finance |
| 700 ## - ADDED ENTRY--PERSONAL NAME | |
| Personal name | Nechols, J.E. |
No items available.
